00497nmm a2200157Ia 4500008004100000020001800041041000800059100002200067245002800089264008500117300001600202650003000218700002200248700001800270856005100288251105s9999||||xx |||||||||||||||||und|| a9788417541538 aspa aShannon, Samantha 0aEl priorato del naranjo a[Madrid, España] :bRoca Editorial, c[Fecha de publicación no identificada] a0 páginas aScience fiction & Fantasy aShannon, Samantha1 a Rizzo, Jorge uhttps://public.digitaliapublishing.com/a/82280